Оценка факторов, ухудшающих фазовую проницаемость по нефти при первичном вскрытии буровыми растворами; Проблемы геологии и освоения недр; Т. 2

Dettagli Bibliografici
Parent link:Боев, А. С. (химик ; 1981-). Проблемы геологии и освоения недр=Problems of Geology and Subsurface Development: труды XXVII Международного молодежного научного симпозиума имени академика М.А. Усова, посвященного 160-летию со дня рождения академика В.А. Обручева и 140-летию академика М.А. Усова, основателям Сибирской горно-геологической школы, 3-7 апреля 2023 г., г. Томск/ Национальный исследовательский Томский политехнический университет, Инженерная школа природных ресурсов ; гл. ред. А. С. Боев ; под ред. Е. Ю. Пасечник.— .— Томск: Изд-во ТПУ, 2023
Т. 2.— 2023.— С. 73-75
Autore principale: Уколов А. И.
Ente Autore: Национальный исследовательский Томский политехнический университет Инженерная школа природных ресурсов Отделение нефтегазового дела
Altri autori: Пестерев А. В. Алексей Викторович
Riassunto:Заглавие с экрана
Текстовый файл
Lingua:russo
Pubblicazione: 2023
Serie:Технологии оценки, управления и разработки месторождений нефти и газа, моделирование и цифровые технологии
Soggetti:
Accesso online:http://earchive.tpu.ru/handle/11683/77847
Natura: Elettronico Capitolo di libro
KOHA link:https://koha.lib.tpu.ru/cgi-bin/koha/opac-detail.pl?biblionumber=671264

MARC

LEADER 00000naa2a2200000 4500
001 671264
005 20240401161501.0
090 |a 671264 
100 |a 20240306d2023 k||y0rusy50 ca 
101 0 |a rus 
102 |a RU 
135 |a drcn ---uucaa 
200 1 |a Оценка факторов, ухудшающих фазовую проницаемость по нефти при первичном вскрытии буровыми растворами  |f А. И. Уколов  |g науч. рук. А. И. Пестерев ; Национальный исследовательский Томский политехнический университет 
225 1 |a Технологии оценки, управления и разработки месторождений нефти и газа, моделирование и цифровые технологии 
300 |a Заглавие с экрана 
320 |a Библиография: с. 75 
336 |a Текстовый файл 
461 1 |0 669747  |t Проблемы геологии и освоения недр  |l Problems of Geology and Subsurface Development  |o труды XXVII Международного молодежного научного симпозиума имени академика М.А. Усова, посвященного 160-летию со дня рождения академика В.А. Обручева и 140-летию академика М.А. Усова, основателям Сибирской горно-геологической школы, 3-7 апреля 2023 г., г. Томск  |f Национальный исследовательский Томский политехнический университет, Инженерная школа природных ресурсов ; гл. ред. А. С. Боев ; под ред. Е. Ю. Пасечник  |d 2023  |9 669747  |a Боев, А. С. (химик ; 1981-)  |c Томск  |n Изд-во ТПУ 
463 1 |0 669760  |t Т. 2  |v С. 73-75  |d 2023  |9 669760  |p 1 файл (8,2 MB, 263 с.)  |u conference_tpu-2023-C11_V2.pdf 
610 1 |a труды учёных ТПУ 
610 1 |a электронный ресурс 
610 1 |a буровые растворы 
610 1 |a водонасыщенность 
610 1 |a пластовые флюиды 
610 1 |a буферные жидкости 
610 1 |a фильтрация 
610 1 |a углеводороды 
610 1 |a продуктивные пласты 
700 1 |a Уколов  |b А. И. 
702 1 |a Пестерев  |b А. В.  |c физик  |c инженер Томского политехнического университета, кандидат физико-математических наук  |f 1985-  |g Алексей Викторович  |9 22666 
712 0 2 |a Национальный исследовательский Томский политехнический университет  |b Инженерная школа природных ресурсов  |b Отделение нефтегазового дела  |9 28343 
801 0 |a RU  |b 63413507  |c 20240306  |g RCR 
856 4 |u http://earchive.tpu.ru/handle/11683/77847  |z http://earchive.tpu.ru/handle/11683/77847 
942 |c CF